| 000 | 00632cam a2200217 a 4500 | ||
|---|---|---|---|
| 001 | 000018027 | ||
| 005 | 20200929165325.0 | ||
| 008 | 750114s1942 nyu 000 0 eng d | ||
| 040 |
_aDO-SdBNP _beng _cLC _dBNPHU |
||
| 042 | _apremarc | ||
| 050 | 0 | 0 |
_aDS889 _b.B9 |
| 082 |
_ann* _bB993j |
||
| 100 | 1 |
_aByas, Hugh. _939086 |
|
| 245 | 1 | 4 |
_aThe japanese enemy, his power and his vulnerability / _cHugh Byas. |
| 260 |
_aNew York : _bAlfred A. Knopf, _c1942. |
||
| 300 |
_aix, 107 p. ; _c20 cm. |
||
| 651 | 0 |
_aJapan. _939087 |
|
| 650 | 0 |
_aWorld war, 1939-1945 _zJapan. _939088 |
|
| 910 | _aCatalogación por copia / LC | ||
| 049 | _aBNGR | ||
| 999 |
_c17549 _d17549 |
||